000 01201 a2200217 4500
003 Nust
005 20221110112625.0
010 _a 72097195
020 _a0673078639
040 _cNust
082 0 0 _a512.1,LIA
100 1 _aLial, Margaret L.
_9102087
245 1 0 _aPrecalculus mathematics: Algebra, Trigonometry, and Analytic Geometry /
_cMargaret L. Lial, Charles D. Miller.
260 _aGlenview, Ill.,
_bScott, Foresman
_c[1973]
300 _a419 p.
_c25 cm.
505 _aThe Real Number System (Page-1), Algebraic Expressions and Exponents (Page-24), First Degree Relations and Functions (Page-50), Second Degree Relations and Functions (Page-75), Exponential and Logarithmic Functions (Page-103), Trigonometric Functions (Page-134), Trigonometric Identities and Conditional Equations (Page-159), Numerical Trigonometry (Page-179), Matrix Theory (Page-204), Systems of Equations and Inequalities (Page-229), Complex Numbers (Page-253), Polynomial and Rational Functions (Page-269), Analytic Geometry (Page-291), Combinatorics (Page-1319).
650 0 _aMathematics.
650 0 _aPrecalculus.
_932522
700 1 _aMiller, Charles David,
_d1942-
_9102088
942 _2ddc
_cBK
_k512.1,LIA
999 _c182075
_d182075